000 00562nam a2200217Ia 4500
003 OSt
005 20221007080657.0
006 a|||||r|||| 00| 0
007 ta
008 221006b |||||||| |||| 00| 0 eng d
024 _a3,131
037 _cTextual
040 _aFLL
_cFLL
_beng
041 _2eng
_aeng
082 _aZ1:A, L5
100 _aMelzer Yehbuda Au.
_9695224
245 0 _aConcepts of just war
260 _aNew York
_bA.W. Sijthoff USA
_c1975
942 _hZ1:A, L5
_cTEXL
_2CC
999 _c1160510
_d1160510